Una ojeada al metabolismo (Record no. 12240)
[ view plain ]
| 000 -LEADER | |
|---|---|
| fixed length control field | 00729nam a22002297a 4500 |
| 005 - DATE AND TIME OF LATEST TRANSACTION | |
| control field | 20150124122012.0 |
| 008 - FIXED-LENGTH DATA ELEMENTS--GENERAL INFORMATION | |
| fixed length control field | 130418t sp||||| |||| 00| 0 spa d |
| 020 ## - INTERNATIONAL STANDARD BOOK NUMBER | |
| International Standard Book Number | 842821316X |
| 050 04 - LIBRARY OF CONGRESS CALL NUMBER | |
| Classification number | QP171 |
| Item number | S25 2002 |
| 100 1# - MAIN ENTRY--PERSONAL NAME | |
| Personal name | Salway, J. G. |
| 245 14 - TITLE STATEMENT | |
| Title | Una ojeada al metabolismo |
| Statement of responsibility, etc | / J. G. Salway ; prólogo de D. K. Granner ; traducido por Miguel Llobera |
| 250 ## - EDITION STATEMENT | |
| Edition statement | 2a ed. |
| 260 ## - PUBLICATION, DISTRIBUTION, ETC. (IMPRINT) | |
| Place of publication, distribution, etc | Barcelona, España : |
| Name of publisher, distributor, etc | Omega, |
| Date of publication, distribution, etc | 2002 |
| 300 ## - PHYSICAL DESCRIPTION | |
| Extent | 110 p. : |
| Other physical details | il. ; |
| Dimensions | 34 cm. |
| 500 ## - GENERAL NOTE | |
| General note | Traducción de : Metabolism at a glance |
| 504 ## - BIBLIOGRAPHY, ETC. NOTE | |
| Bibliography, etc | Incluye índice |
| 650 #7 - SUBJECT ADDED ENTRY--TOPICAL TERM | |
| Source of heading or term | LEMB |
| Topical term or geographic name as entry element | Metabolismo |
| 650 #7 - SUBJECT ADDED ENTRY--TOPICAL TERM | |
| Source of heading or term | LEMB |
| Topical term or geographic name as entry element | Enfermedades metabólicas |
| 700 1# - ADDED ENTRY--PERSONAL NAME | |
| Personal name | Granner, D. K. |
| Relator term | pról. |
| 700 1# - ADDED ENTRY--PERSONAL NAME | |
| Personal name | Llobera, Miguel |
| Relator term | tr. |
| 942 ## - ADDED ENTRY ELEMENTS (KOHA) | |
| Source of classification or shelving scheme | Biblioteca del Cogreso de los Estados Unidos |
| Koha item type | Libro |
| Estado de pérdida | Fuente de clasificación | Estado del daño | No para préstamo | Ubicación permanente | Ubicación actual | Apartado o colección | Fecha de adquisición | Edición | Dependencia de educación superior (DES) | Área del conocimiento | Clasificación | Código de Barras | Date last seen | Número de copia | Tipo de recurso | Costo por reposición |
|---|---|---|---|---|---|---|---|---|---|---|---|---|---|---|---|---|
| Biblioteca del Cogreso de los Estados Unidos | Ejemplar único | Biblioteca de la Facultad de Biología | Biblioteca de la Facultad de Biología | General | 18/04/2013 | 2a. ed. | Ciencias Biológicas y Agropecuarias | Ciencias Naturales y Exactas | QP171 S25 2002 | BFB000000460 | 16/01/2015 | 1 | Libro | |||
| Biblioteca del Cogreso de los Estados Unidos | Biblioteca del Instituto de Investigaciones Agropecuarias y Forestales | Biblioteca del Instituto de Investigaciones Agropecuarias y Forestales | General | 10/01/2019 | 2a ed. | Ciencias de la Salud | QP171 S35 2002 | BIIA000000890 | 10/01/2019 | 1 | Libro | 1.00 |